000 00636nam a2200229Ia 4500
003 OSt
005 20221007082037.0
006 a|||||r|||| 00| 0
007 ta
008 221006b |||||||| |||| 00| 0 eng d
024 _a30,112
037 _cTextual
040 _aFLL
_cFLL
_beng
041 _2eng
_aeng
082 _aZ1,2,93, K7
100 _aCukwurah A.O.
_9295887
245 0 _aSettlement of boundary disputes in international law
260 _aU.S.A.
_bManchestar university Press U.S.A.
_c1967
300 _al,267p
_ccm.
942 _hZ1,2,93, K7
_cTEXL
_2CC
999 _c1165136
_d1165136